000
00286nam a22001337a 4500
008
170529b xxu||||| |||| 00| 0 eng d
020
_a
9780558380458
041
_a
eng
080
_a
94
100
_a
16
101
_a
SHH
245
_a
THE WESTERN HERITAGE
_c
KAGAN,D
942
_2
udc
_c
BK
999
_c
14985
_d
14985